00476nam a22001457a 4500003000500000038001800005082000800023100001900031245010700050264003500157300002400192650002100216700003600237856005700273NUST aNusrat Nadeem a200 aZahra, Tasleem aExplainable Artificial Intelligence techniques for Clinical Decision Support Systems/cTasleem Zahra,  aIslamabad;bSEECS NUST;c2024. a97,p;bill;c30,cm. aMS-Data Science  aSupervisors: Dr. Syed Imran Ali uhttp://10.250.8.41:8080/xmlui/handle/123456789/46173